浮日掠影 : 雷驤 圖文集
| 資料類型: | 圖書 | 書目號: | 47175 |
Leader xxxxxxxxxx 005 __ 20140324135205 010 0_ |a9789862168042|b平裝|dNT$280 100 __ |a20140616d2011 m y0chiy50 e 101 0_ |achi 102 __ |atw 105 __ |aa z 000cy 200 1_ |a浮日掠影|e雷驤 圖文集|f雷驤著 205 __ |a第一版 210 __ |a臺北市|c天下遠見|d2011[民100] 215 0_ |a254面|c圖|d21公分 225 12 |a華文創作|vLC068 681 __ |a855|b1070|v增訂八版 700 _1 |a雷|b驤|4著 806 __ |aL30|u20140107|xFour corners|831355007022651 681 __ |a855|b847 801 _0 |atw|b內湖高中|c20140616|gCCR |